The green guide to herb gardening : featuring the ... Read More
Available copies
- 1 of 1 copy available at LARL/NWRL Consortium.
Current holds
0 current holds with 1 total copy.
Show Only Available Copies
| Location | Call Number / Copy Notes | Barcode | Shelving Location | Status | Due Date |
|---|---|---|---|---|---|
| Thief River Falls Public Library | 635.7 HAR (Text) | 35500002810388 | Main | Available | - |
Record details
- ISBN: 1567184308
- Physical Description: ix, 178 p. : ill. ; 24 cm.
- Publisher: St. Paul, Minn. : Llewellyn Publications, 2000.
Content descriptions
| Bibliography, etc. Note: | Includes bibliographical references (p. ). |
Search for related items by subject
| Subject: | Herb gardening Herbs. Cooking (Herbs) |
| LDR | 00960cam a22002778a 4500 | ||
|---|---|---|---|
| 001 | 28905 | ||
| 003 | LARL_NWRL_CONSORTIUM | ||
| 005 | 20000110122105.0 | ||
| 008 | 990928s2000 mnu b 000 0 eng | ||
| 010 | . | ‡a99049986 | |
| 020 | . | ‡a1567184308 | |
| 035 | . | ‡a(OCoLC)42592986 | |
| 035 | 0 | 0. | ‡ilcmarc/AYD-2620/KRLTECH2 |
| 040 | . | ‡aDLC ‡cDLC | |
| 082 | 0 | 0. | ‡a635/.7 ‡221 |
| 092 | . | ‡a635.7 ‡bHar | |
| 100 | 1 | . | ‡aHarding, Deborah C., ‡d1955- ‡0(LARL_NWRL_CONSORTIUM)42880 |
| 245 | 1 | 4. | ‡aThe green guide to herb gardening : ‡bfeaturing the 10 most popular herbs / ‡cDeborah Harding. |
| 260 | . | ‡aSt. Paul, Minn. : ‡bLlewellyn Publications, ‡c2000. | |
| 300 | . | ‡aix, 178 p. : ‡bill. ; ‡c24 cm. | |
| 504 | . | ‡aIncludes bibliographical references (p. ). | |
| 650 | 0. | ‡aHerb gardening ‡0(LARL_NWRL_CONSORTIUM)22066 | |
| 650 | 0. | ‡aHerbs. ‡0(LARL_NWRL_CONSORTIUM)22075 | |
| 650 | 0. | ‡aCooking (Herbs) ‡0(LARL_NWRL_CONSORTIUM)17702 | |
| 901 | . | ‡a28905 ‡bOCLC ‡c28905 ‡tbiblio | |

Add to basket
Permalink
Disable Highlighting